000
00224nam a22001217a 4500
008
170606b xxu||||| |||| 00| 0 eng d
041
_a
eng
080
_a
2
100
_a
2
101
_a
2
245
_a
2
942
_2
udc
_c
BK
999
_c
16186
_d
16186